| 000 | 01132nam a2200313 i 4500 | ||
|---|---|---|---|
| 001 | bg | ||
| 003 | BPK | ||
| 005 | 20200417141915.0 | ||
| 008 | 000320s1979 pl a f f |000 0 pol | ||
| 015 | _aPB 1980/1059 | ||
| 040 |
_aWA N _cBPK |
||
| 041 | 0 | _apol | |
| 080 | _a621.01 | ||
| 080 | _a62-52 | ||
| 080 | _a(075.8+076) | ||
| 245 | 0 | 0 |
_aLaboratorium dynamiki i automatyki maszyn : _bpraca zbiorowa / _cpod red. Zdzisława Parszewskiego ; [aut. Wojciech Barski et al.] ; Politechnika Łódzka. |
| 260 |
_aŁódź : _bnakł. PŁ, _c1979. |
||
| 300 |
_a266 s. : _bil., tab., wykr. ; _c21 cm. |
||
| 490 | 1 | _aSkrypty dla Szkół Wyższych / PŁ | |
| 504 | _aBibliogr. przy ćwiczeniach. | ||
| 650 | 4 |
_aMaszyny _xteoria. |
|
| 655 | 4 | _aĆwiczenia i zadania dla szkół wyższych | |
| 650 | 4 | _aAutomatyka | |
| 700 | 1 |
_aParszewski, Zdzisław _d(1924-1999). _eRed. |
|
| 700 | 1 | _aBarski, Wojciech. | |
| 830 | 0 | _aSkrypty dla Szkół Wyższych - Politechnika Łódzka | |
| 942 |
_2UKD _cKS |
||
| 856 |
_uhttp://koha.tu.koszalin.pl/cgi-bin/koha/opac-detail.pl?biblionumber=19071 _yKatalog online BPK |
||
| 999 |
_c19071 _d19071 |
||